000 01071nam a2200337 i 4500
001 36702
003 KOSZ 005
005 20220308124135.0
008 991010s1999 pl f |000 0 eng d
020 _a0849318556
040 _cKOSZ 005
_aKOSZ 005
_dKOSZ 005/HR
046 _k1999
080 _a539.3/.6
080 _a(075.8)
100 1 0 _aMase, G. Thomas
_eAutor
245 1 0 _aContinuum mechanics for engineers /
_bThomas Mase, George Mase.
250 _a2nd ed.
260 _aBoca Raton [etc.] :
_bCRC,
_ccop. 1999.
300 _a[18], 377 s. :
_brys., wykr. ;
_c24 cm.
380 _aKsiążki
388 _a1901-2000
388 _a1989-2000
504 _aBibliogr. przy rozdz. - Indeks.
650 7 _aMechanika ośrodków ciągłych
655 _aPodręczniki akademickie
658 _aInżynieria i technika
700 1 0 _aMase, George E.
_eAutor
710 2 _aCRC Press
_4pbl
856 _uhttp://koha.tu.koszalin.pl/cgi-bin/koha/opac-detail.pl?biblionumber=36702
_yKatalog online BPK
942 _cKS
_2UKD
999 _c36702
_d36702